Biotechnology in Colombia : (Registro nro. 18255)

Detalles MARC
000 -CABECERA
Campo de control 00878cam a2200217 a 4500
005 - FECHA Y HORA DE LA ULTIMA TRANSACCION
Campo de control 20160331151038.0
008 - ELEMENTOS DE LONGITUD FIJA—INFORMACION GENERAL
Campo de control 890731s1998 ck rc 00110 spa d
020 ## - ISBN
ISBN 9589037755
040 ## - FUENTE DE CATALOGACIÓN
Agencia catalogadora original la
Agencia transcriptora la
Agencia Modificadora CO-BoIAVH
041 0# - IDIOMA
Código de idioma para texto/pista de sonido o título separado Español
082 04 - NUMERO DE CLASIFICACION DECIMAL DEWEY
Número de clasificación 660.6
Número del ítem C68b2
110 2# - ASIENTO PRINCIPAL--NOMBRE CORPORATIVO
Nombre corporativo o de jurisdicción como elemento de entrada Colciencias.
Unidad subordinad Programa Nacional de Biotecnología.
9 (RLIN) 64829
245 10 - MENCION DE TITULO
Título Biotechnology in Colombia :
Parte restante del título research groups, 1998 /
Mención de responsabilidad edited by Elizabeth Hodson de Jaramillo, Rafael H. Aramendis, co-editor Mercedes Guhl.
260 ## - PUBLICACION, DISTRIBUCION, ETC. (PIE DE IMPRENTA)
Lugar de publicación, distribución, etc. Bogotá :
Nombre del editor, distribuidor, etc. Tercer Mundo Editores,
Fecha de publicación, distribución, etc. 1998.
300 ## - DESCRIPCION FISICA
Extensión xvi, 143 páginas ;
Dimensiones 23 centímetros.
650 14 - ASIENTO SECUNDARIO DE MATERIA - TERMINO TEMATICO
Término temático o nombre geográfico como elemento de entrada Biotechnology
Subdivisión general research
Subdivisión geográfica Colombia
Subdivisión de forma
9 (RLIN) 64830
700 1# - ASIENTO SECUNDARIO - NOMBRE PERSONAL
Nombre personal Hodson de Jaramillo, Elizabeth,
Término de relación editor.
9 (RLIN) 64831
700 1# - ASIENTO SECUNDARIO - NOMBRE PERSONAL
Nombre personal Aramendis Ramírez, Rafael Humberto,
Término de relación editor.
9 (RLIN) 1585
700 1# - ASIENTO SECUNDARIO - NOMBRE PERSONAL
Nombre personal Guhl, Mercedes,
Fechas asociadas con el nombre 1968-,
Término de relación coeditor
9 (RLIN) 64832
942 ## - ELEMENTOS ADICIONALES (KOHA)
Sistema de clasificación Dewey Decimal Classification
Tipo de ítem Libro
Existencias
Withdrawn status Lost status Sistema de Clasificación Damaged status No para préstamo Colección Inventariado Ubicación Permanente Ubicación actual Fecha de adquisición Valor Total Checkouts Número topográfico Inventario / Código de Barras Date last seen Ejemplar Price effective from Forma de adquisición Tipo de material
    Dewey Decimal Classification     General Inventariado 2017 Sala Fabio Quevedo Sala Fabio Quevedo 19/04/1999 39000.00   LB-660.6 C68b2 001796 04/12/2012 Ej. 1 04/12/2012   Libro